000 00594 a2200169 4500
003 NUST
038 _aa
082 _aBIT-5
100 _aYasir Naveed Riaz
_993128
245 _aSoftware Project Management Automation for Offshore Development (SOUL)
_cYasir Naveed Riaz
260 _aIslamabad,
_bNUST School of Electrical Engineering & Computer Science,
_c2006.
300 _axi, 72 p. :
_bill. ;
_c27 cm. +
_eCD-ROM
500 _aSupervisors : Mr. Aatif Kamal, Mr. Mujtaba Haider.
563 _aa
856 _uhttp://10.250.8.41:8080/xmlui/handle/123456789/9221
942 _cTHE
_kBIT-5 YAS
_2ddc
999 _c9124
_d9124